| 000 | 00649nam a22001817a 4500 | ||
|---|---|---|---|
| 003 | OSt | ||
| 005 | 20240619103100.0 | ||
| 008 | 240619b ||||| |||| 00| 0 eng d | ||
| 040 | _cAIMIT LIBRARY | ||
| 100 |
_aShahil. _e2116157 _9171174 |
||
| 245 |
_aStudy on the influence of employee perception of organizational culture and leadership style on organizational commitment / _cBy Shahil ; Guided by Dhananjaya k. |
||
| 260 |
_aMangalore ; _c2023. |
||
| 650 |
_aLiterature review objectives framework _9171175 |
||
| 650 |
_aResearch methodology _9171176 |
||
| 700 |
_aK Dhananjaya. _eGuide _9171177 |
||
| 856 | _3Cygnus solutions | ||
| 942 |
_2ddc _cPRO |
||
| 999 |
_c231224 _d231224 |
||